BIBLIOTECA PODER JUDICIAL
Portal Judicial TDF

La sanción disciplinaria y su incidencia en el ius variandi del empleo público / (Registro nro. 6160)

000 -LEADER
fixed length control field 01093nabaa22002297a 4500
003 - CONTROL NUMBER IDENTIFIER
control field OSt
005 - DATE AND TIME OF LATEST TRANSACTION
control field 20260123202203.0
008 - FIXED-LENGTH DATA ELEMENTS--GENERAL INFORMATION
fixed length control field 190701b xxu||||| |||| 00| 0 spa d
040 ## - CATALOGING SOURCE
Transcribing agency PJ
100 ## - MAIN ENTRY--PERSONAL NAME
9 (RLIN) 4410
Personal name Salgan Ruiz, Leandro G.
245 13 - TITLE STATEMENT
Title La sanción disciplinaria y su incidencia en el ius variandi del empleo público /
Statement of responsibility, etc Leandro Salgan Ruiz.
300 ## - PHYSICAL DESCRIPTION
Extent p. 191-198
500 ## - GENERAL NOTE
General note Cita: TR LALEY AR/DOC/3183/2023
505 ## - FORMATTED CONTENTS NOTE
Formatted contents note Sumario: I. Reseña del caso.— II. Las sanciones de la potestad disciplinaria.— III. Ius variandi en el cambio de funciones del agente público.— IV. Estándares de la decisión de política administrativa.— V. Reflexiones finales.
505 ## - FORMATTED CONTENTS NOTE
Title ¿Te interesa el texto completo? Comunicate al correo: koha@justierradelfuego.gov.ar
650 #0 - SUBJECT ADDED ENTRY--TOPICAL TERM
9 (RLIN) 211
Topical term or geographic name as entry element DERECHO ADMINISTRATIVO
650 #0 - SUBJECT ADDED ENTRY--TOPICAL TERM
9 (RLIN) 938
Topical term or geographic name as entry element EMPLEO PUBLICO
650 #0 - SUBJECT ADDED ENTRY--TOPICAL TERM
9 (RLIN) 1344
Topical term or geographic name as entry element IUS VARIANDI
650 #0 - SUBJECT ADDED ENTRY--TOPICAL TERM
9 (RLIN) 2986
Topical term or geographic name as entry element SANCIONES ADMINISTRATIVAS
773 0# - HOST ITEM ENTRY
Host Biblionumber 2842
Host Itemnumber 3251
Place, publisher, and date of publication Buenos Aires : AbeledoPerrot, 2012-
Other item identifier DA121
Title Derecho administrativo. Nº 151 enero/febrero 2024
International Standard Book Number 18510590
942 ## - ADDED ENTRY ELEMENTS (KOHA)
Source of classification or shelving scheme
Koha item type Analítica Artículo de Revista

No hay ítems disponibles.

12 de Octubre 789 Ushuaia - Tel:  54(02901)441571
Horario de Atención: 8.00 a 17.00 hs. 
bibliotecaush@justierradelfuego.gov.ar
koha@justierradelfuego.gov.ar
Seguinos en nuestras redes @bibliojustdf 

Con tecnología Koha